000 00884nam a2200253Ia 4500
003 OSt
005 20220923221253.0
006 a|||||r|||| 00| 0
007 ta
008 220922b |||||||| |||| 00| 0 hin d
024 _a196,330
037 _cTextual
040 _aARTS
_cARTS
_bhin
041 _2hin
_ahin
082 _aP152k:g, 152J4
100 _aवर्मा, रामचन्द्र
245 0 _aहिन्दी कोश रचना प्रकार और रूप
246 _aHindī kosh rachanā prakār aur rūpa
260 _aबनारस
_b साहित्य रत्नामाली
_c1954
300 _a84पृ.
_ccm.
650 _aहिन्दी मुहावरा कोश
_9160651
942 _hP152k:g, 152J4
_cTEXL
_2CC
999 _c348221
_d348221